000 00738pam a2200265 a 4500
020 _a0826172903
040 _cDLC
082 0 0 _a610 SPR 1990 C159 Or.
245 0 0 _aKey aspects of recovery :
_bimproving nutrition, rest, and mobility /
260 _aNew York :
_bSpringer Pub. Co.,
_cc1990.
300 _axvii, 350 p. :
_bill. ;
_c24 cm.
650 0 _aNursing.
650 0 _aRehabilitation.
650 0 _aDiet therapy.
650 0 _aGeriatric nursing.
650 0 _aMaternity nursing.
650 2 _aBed Rest.
650 2 _aInfant, Premature, Diseases
650 2 _aMotor Activity.
650 2 _aNutrition.
650 2 _aPostoperative Care
650 2 _aWounds and Injuries
700 1 _aFunk, Sandra G.
942 _cAEDBB
999 _c19048
_d19048